|
|
|
|
| LEADER |
00000nam a2200000 a 4500 |
| 001 |
vtls001386834 |
| 003 |
SK-MaSNL |
| 005 |
20260301201632.0 |
| 008 |
251113s1999 xo p r y slo |
| 015 |
|
|
|a SNBA2000/06-02019
|
| 020 |
|
|
|a 8022712949
|c 11,00 Sk
|
| 035 |
|
|
|a SNK000341017
|
| 035 |
|
|
|a urn:nbn:sk:snk-amkkyb
|
| 035 |
|
|
|a urn:nbn:sk:snk-am003d2f
|
| 035 |
|
|
|a F3E88071-230C-403C-8FEB-4FC160A9BD09
|
| 040 |
|
|
|a SNK
|b slo
|c SNK
|e AACR2
|
| 041 |
0 |
|
|a slo
|
| 044 |
|
|
|a xo
|c SK
|
| 080 |
|
|
|a 546(075.8)(076.5)
|2 1981
|
| 245 |
0 |
0 |
|a Príklady a úlohy z anorganickej chémie
|c Anna Mašlejová ... [et al.]
|
| 250 |
|
|
|a 2. vyd.
|
| 260 |
|
|
|a Bratislava
|b Slovenská technická univerzita
|c 1999
|
| 300 |
|
|
|a 43 s.
|b sch., tab.
|c 21 cm
|
| 490 |
1 |
|
|a Edícia skrípt
|
| 500 |
|
|
|a 150 výt.
|
| 650 |
0 |
7 |
|a anorganická chémia
|2 SNKPH
|9 850
|
| 655 |
|
7 |
|a učebnice vysokých škôl
|2 SNKPH
|9 70191
|
| 700 |
1 |
|
|a Mašlejová, Anna,
|d 1949-
|4 aut
|9 197775
|
| 700 |
1 |
|
|a Valigura, Dušan,
|d 1948-
|4 aut
|9 200049
|
| 700 |
1 |
|
|a Kotočová, Adela
|4 aut
|9 291297
|
| 700 |
1 |
|
|a Ondrejkovičová, Iveta,
|d 1951-
|4 aut
|9 207138
|
| 700 |
1 |
|
|a Papánková, Blažena
|4 aut
|9 41758
|
| 700 |
1 |
|
|a Segľa, Peter,
|d 1956-
|4 aut
|9 41760
|
| 700 |
1 |
|
|a Šima, Jozef,
|d 1948-
|4 aut
|9 216774
|
| 810 |
2 |
|
|a Slovenská technická univerzita v Bratislave.
|b Chemickotechnologická fakulta
|t Edícia skrípt
|9 283439
|
| 919 |
|
|
|a 80-227-1294-9
|
| 958 |
|
|
|a TL
|
| 958 |
|
|
|a BQ
|
| 958 |
|
|
|a UV
|
| 999 |
|
|
|c 895621
|d 897551
|
| 952 |
|
|
|t P60, <03>, [BOOK], {603}
|a SNK
|b SNK
|y PREZ
|7 0
|p 17A0234893
|o snkSC 101320
|i snkKSP 3862/2000
|0 0
|1 0
|4 0
|d 2000-04-13
|f 1
|l 0
|r 2025-09-23 00:00:00
|w 2026-02-24
|
| 952 |
|
|
|t P60, <04>, [BOOK], {604}
|a SNK
|b SNK
|y VYP
|7 0
|p 17A0234894
|o snkSC 101320 D1
|i snkKSP 3863/2000
|0 0
|1 0
|4 0
|d 2000-04-13
|l 0
|r 2005-01-02 00:00:00
|w 2026-02-24
|